US office property sector (Record no. 119239)

MARC details
000 -LEADER
fixed length control field 00882cas a22002175a 4500
001 - CONTROL NUMBER
control field E148154
008 - FIXED-LENGTH DATA ELEMENTS--GENERAL INFORMATION
fixed length control field 090805n xxkar w 0 a0eng u
035 ## - SYSTEM CONTROL NUMBER
System control number (Sirsi) u148154
041 0# - LANGUAGE CODE
Language code of text/sound track or separate title eng
050 ## - LIBRARY OF CONGRESS CALL NUMBER
Classification number 333.33 $2 18
110 2# - MAIN ENTRY--CORPORATE NAME
Corporate name or jurisdiction name as entry element Newmark Knight Frank
9 (RLIN) 5781
245 00 - TITLE STATEMENT
Title US office property sector
Remainder of title market outlook 2009
Medium [electronic resource]
260 ## - PUBLICATION, DISTRIBUTION, ETC.
Place of publication, distribution, etc. New York
Name of publisher, distributor, etc. Newmark Knight Frank
Date of publication, distribution, etc. [200?]-
362 0# - DATES OF PUBLICATION AND/OR SEQUENTIAL DESIGNATION
Dates of publication and/or sequential designation 2009-
520 ## - SUMMARY, ETC.
Summary, etc. Discusses the office market in the US, giving historic and forecast information on rents and vacancy rates for a range of metropolitan areas. Tables.
554 ## -
-- One per year
651 #4 - SUBJECT ADDED ENTRY--GEOGRAPHIC NAME
Geographic name United States
Chronological subdivision 1959-
690 ## - LOCAL SUBJECT ADDED ENTRY--TOPICAL TERM (OCLC, RLIN)
Topical term or geographic name as entry element PROPERTY-COMMERCIAL PROPERTY-COMMERCIAL PROPERTY MARKET
856 40 - ELECTRONIC LOCATION AND ACCESS
Uniform Resource Identifier <a href="https://www.newmarkkf.com/home/research-center/2009-us-office-report.aspx">https://www.newmarkkf.com/home/research-center/2009-us-office-report.aspx</a>
Public note View the report free of charge at www.newmarkkf.com...
942 ## - ADDED ENTRY ELEMENTS (KOHA)
Suppress in OPAC 0
Holdings
Withdrawn status Lost status Source of classification or shelving scheme Damaged status Not for loan Home library Current library Shelving location Date acquired Total Checkouts Full call number Barcode Date last seen Copy number Price effective from Koha item type
    Dewey Decimal Classification     Virtual Virtual Online 05/08/2009   ONLINE PUBLICATION 148154-2001 06/08/2019 1 06/08/2019 Book